عرض عادي
عرض مارك
- Moyer, Robert E.
مدخل إسم شخص
001 - رقم الضبط
- حقل الضبط: 4932
003 - معرف رقم الضبط
- حقل الضبط: OSt
005 - تاريخ ووقت أخر عملية
- حقل الضبط: 20110928154624.0
008 - عناصر بيانات ثابتة الطول
- حقل تحكم ثابت الطول: 110928|||a|||||| | ||| d
040 ## - مصدر الفهرسة
- هيئة الفهرسة الأصلية: OSt
- وكالة الكتابة: OSt
100 ## - مدخل -- أسم شخص
- إسم شخص: Moyer, Robert E.
- عنوان العمل: Schaum's outline of theory and problems of college algebra.
670 ## - بيانات المصدر موجوده
- الاستشهاد بالمصدر: Work cat.: (OSt)0: College algebra :, c2000.
